| 000 | 00776nam a22002297a 4500 | ||
|---|---|---|---|
| 999 |
_c11283 _d11283 |
||
| 003 | AR-CdUCM | ||
| 008 | 190403b ||||| |||| 00| 0 spa d | ||
| 040 |
_aMUNICIPALIDAD PROVINCIAL DEL CUSCO _cBIBLIOTECA MUNICIPAL DEL CUSCO |
||
| 082 |
_aEP / 372.500 / _bR47 |
||
| 100 |
_aReyes Herrera, Lilia _928575 |
||
| 245 |
_aNaturaleza : _b5to grado de educación basica primaria / |
||
| 260 |
_aBarranquilla : _bEl Cid, _c1988. |
||
| 300 |
_a160 paginas ; _bIlustraciones, graficos, dibujos, retratos, _c27 cm. |
||
| 500 | _aNaturaleza | ||
| 650 |
_aNaturaleza _94241 |
||
| 650 |
_aCuaderno de trabajo _911620 |
||
| 650 |
_aTexto educativo _925832 |
||
| 700 |
_aTalero M, Elsa Leonor _928576 |
||
| 700 |
_aVillamor Duque, Mario _928577 |
||
| 942 |
_2ddc _cLIBROS |
||
| 945 | _apjha | ||